000
00273nam a2200097Ia 4500
008
241105s9999 xx 000 0 und d
041
_a
eng
100
_a
Jachak Nishigandha
_9
182694
245
_a
Resort At Ambi Pune Baramati Highway
260
_b
Final Year B. Arch, BNCA
_c
2014
999
_c
360985
_d
360985